Statistics for Worlds Smallest Countries By Size

Click here to take the quiz!

General Stats

  • This quiz has been taken 610 times
  • The average score is 6 of 10

Answer Stats

HintAnswer% Correct
1Vatican City
91%
2Monaco
88%
5San Marino
87%
3Nauru
74%
4Tuvalu
71%
6Liechtenstein
68%
10Maldives
43%
9Seychelles
41%
7Marshall Islands
40%
8Saint Kitts
17%

Score Distribution

Percentile by Number Answered

Percent of People with Each Score

Your Score History

You have not taken this quiz